| 000 | 00420cam a2200157ua 4500 | ||
|---|---|---|---|
| 041 |
_aeng _h |
||
| 082 |
_a030.37 _bhAR/EN |
||
| 100 | _aHarris, Chester W . | ||
| 245 |
_aEncyclopaedia of educational research / _cChester W Harris. _hTextual Documents |
||
| 250 |
_a3 / _b. |
||
| 260 |
_aNewyork : _bMacMillan and Company Limited , _c1960. |
||
| 300 | _a1564 ; . | ||
| 504 | _a | ||
| 942 | _cBK | ||
| 999 |
_c12330 _d12330 |
||